New York Rangers Roster 24-25 - Statistics

General Stats
  • This quiz has been taken 138 times
    25 since last reset
  • The average score is 21 of 27
Answer Stats
# Players % Correct
20 Chris Kreider
100%
8 J.T. Miller
100%
79 K'Andre Miller
100%
73 Matt Rempe
100%
23 Adam Fox
95%
31 Igor Shesterkin
95%
32 Jonathan Quick
95%
16 Vincent Trocheck
95%
84 Adam Edstrom
91%
10 Artemi Panarin
91%
93 Mika Zibanejad
91%
50 Will Cuylle
91%
13 Alexis Lafrenière
86%
4 Braden Schneider
82%
6 Zac Jones
82%
65 Brett Berard
73%
39 Sam Carrick
73%
78 Brennan Othmann
68%
22 Jonny Brodzinski
68%
24 Carson Soucy
64%
17 Will Borgen
64%
94 Gabe Perreault
59%
71 Juuso Parssinen
50%
18 Urho Vaakanainen
50%
44 Calvin de Haan
45%
34 Arthur Kaliyev
41%
96 Nicolas Aube-Kubel
41%
No matching quizzes found
Score Distribution
Percent of People with Each Score
Percentile by Number Answered
Your Score History
You have not taken this quiz since the last reset